[Event "SLO-ch U14"]
[Site "Murska Sobota"]
[Date "2013.03.01"]
[Round "9"]
[White "Dolinar, Matic"]
[Black "Dolinar, Jan"]
[Result "0-1"]
[WhiteElo "1715"]
[BlackElo "1794"]
[PlyCount "62"]
[EventDate "2013.02.23"]
[EventType "swiss"]
[EventRounds "9"]
[EventCountry "SLO"]
[SourceTitle "EXT 2022"]
[Source "ChessBase"]
[SourceDate "2021.10.06"]
[SourceVersion "1"]
[SourceVersionDate "2021.10.06"]
[SourceQuality "1"]

1. e4 c5 2. Nf3 e6 3. d4 cxd4 4. Nxd4 a6 5. Nc3 Qc7 6. Be3 Nf6 7. Be2 Bb4 8. Qd3 Nxe4 9. Bd2 Nxd2 10. Qxd2 d5 11. 0-0 0-0 12. f4 Bc5 13. Kh1 b5 14. a3 Bb7 15. Rad1 Nd7 16. Nf3 Nb6 17. Ne5 Bd6 18. Qd4 Bxe5 19. fxe5 Nc4 20. Bxc4 Qxc4 21. Rf3 Qxd4 22. Rxd4 Rac8 23. Kg1 Rc4 24. Rd2 d4 25. Rfd3 dxc3 26. bxc3 Rc7 27. Rd8 g6 28. R8d7 Rfc8 29. Kf2 Bd5 30. Rd6 Rc6 31. Rd7 Rxc3 0-1

[Event "SLO-ch U14"]
[Site "Murska Sobota"]
[Date "2013.02.24"]
[Round "3"]
[White "Dolinar, Matic"]
[Black "Zupancic, Klemen"]
[Result "0-1"]
[WhiteElo "1715"]
[BlackElo "1501"]
[PlyCount "64"]
[EventDate "2013.02.23"]
[EventType "swiss"]
[EventRounds "9"]
[EventCountry "SLO"]
[SourceTitle "EXT 2022"]
[Source "ChessBase"]
[SourceDate "2021.10.06"]
[SourceVersion "1"]
[SourceVersionDate "2021.10.06"]
[SourceQuality "1"]

1. e4 c5 2. Nc3 Nc6 3. g3 g6 4. Bg2 Bg7 5. d3 d6 6. Be3 e6 7. Qd2 a6 8. Nge2 Nd4 9. Nc1 Rb8 10. Nd1 e5 11. c3 Bh3 12. 0-0 Bxg2 13. Kxg2 Ne6 14. Ne2 Nf6 15. h3 0-0 16. Bh6 b5 17. Bxg7 Kxg7 18. f4 exf4 19. Nxf4 c4 20. Nd5 Nxd5 21. exd5 Nc5 22. dxc4 bxc4 23. Qd4+ Kg8 24. Qxc4 Re8 25. Rf4 Rc8 26. Qf1 Qg5 27. Qf3 Re7 28. Nf2 Rce8 29. Rf1 Re3 30. Qg4 Qxd5+ 31. Kg1 h5 32. Qd1 Rxg3+ 0-1

[Event "Wch U14"]
[Site "Maribor"]
[Date "2012.11.17"]
[Round "10.51"]
[White "Dolinar, Matic"]
[Black "Rohrer, Christophe"]
[Result "0-1"]
[WhiteElo "1725"]
[BlackElo "1976"]
[PlyCount "56"]
[EventDate "2012.11.08"]
[EventType "swiss"]
[EventRounds "11"]
[EventCountry "SLO"]
[SourceTitle "EXT 2013"]
[Source "ChessBase"]
[SourceDate "2012.11.22"]
[SourceVersion "1"]
[SourceVersionDate "2012.11.22"]
[SourceQuality "1"]

1. e4 c5 2. Nf3 e6 3. d4 cxd4 4. Nxd4 Nc6 5. Nc3 Qc7 6. Be2 a6 7. 0-0 Nf6 8. Kh1 b5 9. Nxc6 dxc6 10. Qd3 Be7 11. f4 0-0 12. b3 Rd8 13. Qe3 Bb7 14. Bb2 c5 15. e5 Nd5 16. Qg3 Nxc3 17. Bxc3 b4 18. Bb2 Rd2 19. Bf3 Rxc2 20. Bc1 f5 21. Qh3 Rc3 22. Bb2 Rc2 23. Bc1 Rd8 24. Be3 Rd3 25. Rae1 Rxa2 26. Rg1 Rxb3 27. g4 Rbb2 28. gxf5 Bxf3+ 0-1

[Event "Wch U14"]
[Site "Maribor"]
[Date "2012.11.12"]
[Round "5.52"]
[White "Cortes Orihuela, Javier"]
[Black "Dolinar, Matic"]
[Result "1-0"]
[WhiteElo "1939"]
[BlackElo "1725"]
[PlyCount "161"]
[EventDate "2012.11.08"]
[EventType "swiss"]
[EventRounds "11"]
[EventCountry "SLO"]
[SourceTitle "EXT 2013"]
[Source "ChessBase"]
[SourceDate "2012.11.22"]
[SourceVersion "1"]
[SourceVersionDate "2012.11.22"]
[SourceQuality "1"]

1. e4 c5 2. Nf3 e6 3. d3 Nc6 4. g3 g6 5. Bg2 Bg7 6. 0-0 Nge7 7. Re1 d6 8. c3 0-0 9. d4 cxd4 10. cxd4 Qc7 11. Nc3 a6 12. Bf4 Rd8 13. Rc1 e5 14. Be3 Bg4 15. Nd5 Nxd5 16. exd5 e4 17. h3 Bxf3 18. Bxf3 exf3 19. dxc6 bxc6 20. Qxf3 Rac8 21. Re2 Qd7 22. Kg2 Re8 23. Rd1 d5 24. Bf4 Re6 25. Rxe6 Qxe6 26. Rd3 Qe4 27. Qxe4 dxe4 28. Rd2 Rd8 29. Be3 f5 30. Kf1 Kf7 31. Ke2 Ke6 32. Rc2 Kd7 33. Rc4 Rb8 34. b3 Bf6 35. Ra4 Ra8 36. Rb4 Kc7 37. Bf4+ Kd8 38. Rb7 Bxd4 39. Rxh7 Ra7 40. Rh6 Rg7 41. Rh8+ Kd7 42. Ra8 g5 43. Be3 Bxe3 44. Kxe3 Kd6 45. Rxa6 Rh7 46. Ra5 Ke6 47. Rc5 Rxh3 48. Kd4 Rh2 49. Rxc6+ Kd7 50. Rc2 f4 51. gxf4 g4 52. Ke3 Ke6 53. Rc5 Rh3+ 54. Kxe4 Rf3 55. Rc2 Rh3 56. b4 Rh8 57. Rc6+ Kd7 58. Rg6 Rb8 59. a3 Ra8 60. Rg7+ Ke6 61. f5+ Kf6 62. Rg6+ Kf7 63. Rxg4 Rxa3 64. Rf4 Kf6 65. Rg4 Rb3 66. Rg6+ Kf7 67. Rb6 Rb2 68. f3 Re2+ 69. Kf4 Rb2 70. b5 Rb1 71. Rb7+ Kf6 72. Rb6+ Kf7 73. Ke5 Re1+ 74. Kd5 Rc1 75. Rc6 Rf1 76. b6 Rxf3 77. f6 Rb3 78. Kd6 Ke8 79. Kc7 Rd3 80. b7 Rd7+ 81. Kb6 1-0

[Event "Wch U14"]
[Site "Maribor"]
[Date "2012.11.11"]
[Round "4.38"]
[White "Dolinar, Matic"]
[Black "Stremavicius, Titas"]
[Result "0-1"]
[WhiteElo "1725"]
[BlackElo "2204"]
[PlyCount "68"]
[EventDate "2012.11.08"]
[EventType "swiss"]
[EventRounds "11"]
[EventCountry "SLO"]
[SourceTitle "EXT 2013"]
[Source "ChessBase"]
[SourceDate "2012.11.22"]
[SourceVersion "1"]
[SourceVersionDate "2012.11.22"]
[SourceQuality "1"]

1. e4 c5 2. Nc3 Nc6 3. g3 g6 4. Bg2 Bg7 5. d3 d6 6. Be3 Nf6 7. h3 Bd7 8. f4 0-0 9. Nf3 Qc8 10. g4 Rb8 11. f5 gxf5 12. gxf5 e6 13. Qd2 exf5 14. Bh6 Ne7 15. Bxg7 Kxg7 16. Qg5+ Ng6 17. 0-0-0 f4 18. Bf1 h6 19. Qg2 b5 20. Nh4 Kh7 21. Nxg6 fxg6 22. h4 b4 23. Nd5 Nxd5 24. exd5 Bg4 25. Re1 Rb7 26. Qe4 Qf5 27. Qc4 Bf3 28. Rh2 Qxd5 29. Qa6 Rff7 30. d4 Rfe7 31. Be2 Qxd4 32. Rd1 Qe3+ 33. Rd2 Qg1+ 34. Bd1 Bxd1 0-1